<?xml version="1.0" encoding="UTF-8"?>
<marc:record xmlns:marc="http://www.loc.gov/MARC21/slim">
   <marc:leader>00000nam a2200000 a 4500</marc:leader>
   <marc:datafield ind1="1" ind2=" " tag="100">
      <marc:subfield code="a">Sage, Angie</marc:subfield>
      <marc:subfield code="4">aut</marc:subfield>
      <marc:subfield code="e">Verfasser/-in</marc:subfield>
   </marc:datafield>
   <marc:datafield ind1="0" ind2="0" tag="245">
      <marc:subfield code="a">Araminta Spuk</marc:subfield>
   </marc:datafield>
   <marc:datafield ind1="0" ind2="0" tag="245">
      <marc:subfield code="c">Angie Sage. Mit Bildern von Jimmy Pickering. Aus dem Engl. von Ulli und Herbert Günther</marc:subfield>
   </marc:datafield>
   <marc:datafield ind1=" " ind2="1" tag="264">
      <marc:subfield code="a">München</marc:subfield>
      <marc:subfield code="b">Dt. Taschenbuch-Verl.</marc:subfield>
      <marc:subfield code="c">2009</marc:subfield>
   </marc:datafield>
   <marc:datafield ind1="1" ind2=" " tag="490">
      <marc:subfield code="a">dtv</marc:subfield>
      <marc:subfield code="v">62383 : Reihe Hanser</marc:subfield>
   </marc:datafield>
   <marc:datafield ind1="1" ind2=" " tag="520">
      <marc:subfield code="a">Angaben aus der Verlagsmeldung

Die Abenteuer der Araminta Spuk - Gruselangriff aus dem Hinterhalt / von Angie Sage

Araminta hat alles, was das Herz begehrt: Sie lebt in einem großen alten Spukhaus mit Geheimgängen, Geistern, Fledermäusen, Vampiren und so vielen Zimmern, dass siesie nicht mehr zählen kann. Nur ihre Tante Tabby macht Stress. Wegen eines kaputten Boilers will sie das schöne Haus verkaufen. Aber da macht Araminta nicht mit! Sie plant den ultimativen Gruselangriff aus dem Hinterhalt!
</marc:subfield>
   </marc:datafield>
   <marc:datafield ind1=" " ind2=" " tag="020">
      <marc:subfield code="a">9783423623834</marc:subfield>
      <marc:subfield code="9">9783423623834</marc:subfield>
   </marc:datafield>
   <marc:datafield ind1=" " ind2=" " tag="041">
      <marc:subfield code="a">ger</marc:subfield>
   </marc:datafield>
   <marc:datafield ind1=" " ind2=" " tag="300">
      <marc:subfield code="a">140 S.</marc:subfield>
   </marc:datafield>
</marc:record>
